书目信息 |
| 题名: |
中国体育古今漫话
|
|
| 作者: | ;上海教育出版社 编 | |
| 分册: | ||
| 出版信息: | 上海 上海教育出版社 1982 |
|
| 页数: | 166页 | |
| 开本: | 19cm | |
| 丛书名: | 中学生文库 | |
| 单 册: | ||
| 中图分类: | G812.9 | |
| 科图分类: | ||
| 主题词: | 体育事业--中国--通俗读物 , 体育事业--世界 | |
| 电子资源: | ||
| ISBN: | ||
| 000 | 00773nam0 2200265 45 | |
| 001 | 0182001669 | |
| 005 | 20060816164957.06 | |
| 010 | @dCNY0.36 | |
| 091 | @a7150.2776 | |
| 100 | @a19950612d1982 em y0chiy0121 ea | |
| 101 | 0 | @achi |
| 102 | @aCN@b310000 | |
| 105 | @ay 000yy | |
| 200 | 10 | @a中国体育古今漫话@Azhong guo ti yu gu jin man hua@f上海教育出版社编@Fshang hai jiao yu chu ban she bian |
| 210 | @a上海@c上海教育出版社@d1982 | |
| 215 | @a166页@d19cm | |
| 225 | @a中学生文库 | |
| 410 | @12001 @a中学生文库 | |
| 606 | @a体育事业@y中国@x通俗读物 | |
| 606 | 0 | @a体育事业@x世界 |
| 690 | @aG812.9 | |
| 711 | 02 | @a上海教育出版社@Ashang hai jiao yu chu ban she@4编 |
| 801 | 2 | @aCN@bNLC@c20060816 |
| 801 | 0 | @aCN@b上海图书馆@c20060812 |
| 905 | @dG812.9@e18 | |
| 中国体育古今漫话/上海教育出版社编.-上海:上海教育出版社,1982 |
| 166页;19cm.-(中学生文库) |
| ISBN :CNY0.36 |
| ● |
| 相关链接 |
|
|
|
|
正题名:中国体育古今漫话
索取号:G812.9/18
 
预约/预借
| 序号 | 登录号 | 条形码 | 馆藏地/架位号 | 状态 | 备注 |
| 1 | 0174277 | 000997899 | 密集书库/ [索取号:G812.9/18] | 在馆 | |
| 2 | 0174278 | 202206415 | 密集书库/ [索取号:G812.9/18] | 在馆 | |
| 3 | 0174279 | 000997862 | 第一样本阅览室/ [索取号:G812.9/18] | 在馆 | |
| 4 | 0209798 | 000997871 | 密集书库/ [索取号:G812.9/18] | 在馆 | |
| 5 | 0209799 | 000997853 | 密集书库/ [索取号:G812.9/18] | 在馆 | |
| 6 | 0447770 | 204477707 | 密集书库/ [索取号:G812.9/18] | 在馆 | |
| 7 | 0449161 | 204491610 | 密集书库/ [索取号:G812.9/18] | 在馆 | |
| 8 | 0449162 | 204491629 | 密集书库/ [索取号:G812.9/18] | 在馆 | |
| 9 | 0449163 | 204491638 | 密集书库/ [索取号:G812.9/18] | 在馆 | |
| 10 | 0450092 | 204500922 | 密集书库/ [索取号:G812.9/18] | 在馆 | |
| 11 | 0465061 | 204650617 | 密集书库/ [索取号:G812.9/18] | 在馆 |